000
00317nam a2200145Ia 4500
100
_a
None
650
_a
Carpentery
942
_c
BK
654
_a
Supporting Of Mild Steel
245
_a
Supporting Of Mild Steel
260
_b
Engg.Equipment Association
082
_a
672.8
_b
Eea
546
_a
ENGLISH
999
_c
19959
_d
19959